Football - clubs formateurs des champions du monde 2018 - Statistiques

Statistiques générales
  • Ce quiz a été pris 139 fois
  • Le résultat moyen est 15 sur 23
Statistiques - réponses
Hint Réponse % Correct
Kylian Mbappé AS Monaco
91%
Raphaël Varane RC Lens
91%
Corentin Tolisso Olympique lyonnais (OL)
89%
Nabil Fekir Olympique lyonnais (OL)
87%
Ousmane Dembélé Stade rennais FC
87%
Samuel Umtiti Olympique Lyonnais (OL)
86%
Hugo Lloris OGC Nice
85%
Alphone Aréola Paris Saint-Germain (PSG)
82%
Presnel Kimpembe Paris Saint-Germain (PSG)
82%
Antoine Griezmann Real Sociedad
79%
Benjamin Pavard LOSC Lille
78%
Lucas Hernandez Atlético de Madrid
77%
Paul Pogba Manchester United
73%
Olivier Giroud Grenoble Foot 38
57%
Steve Mandanda Le Havre AC
57%
Benjamin Mendy Le Havre AC
52%
Thomas Lemar SM Caen
49%
Blaise Matuidi ESTAC Troyes
42%
N'Golo Kanté US Boulogne
41%
Adil Rami ES Fréjus
34%
Florian Thauvin Grenoble Foot 38
25%
Djibril Sidibé ESTAC Troyes
18%
Steven Nzonzi Amiens SC
5%
Aucun quiz correspondant
Distribution des résultats
% des personnes avec chaque résultat
Percentile par nombre de réponses
Votre historique - résultats
Vous n’avez pas pris ce quiz